000 00528 a2200157 4500
001 149388
040 _cEscola São Tomás de Aquino
100 _aSANDRONI, Luciana
240 1 0 _aMinhas memórias de Lobato, contadas por Emília, Marquesa de Rabicó e pelo Visconde de Sabugosa
_lpor
245 1 0 _aMinhas memórias de Lobato, contadas por Emília, Marquesa de Rabicó e pelo Visconde de Sabugosa
300 _a88
362 0 _a2002
440 1 _aCompanhia das Letras
697 _a*LITERATURA INFANTO JUVENIL
942 _cBK
999 _c149388
_d149388